000 01462nam0a22003251 4500
001 rc\3677322
005 20250610094627.0
021 _aRU
_b[72-83053]
035 _a(NLR Aleph) 007844448
090 _a9825818
_c9825818
100 _a20130115d1972 |||y0rusy50 ca
101 0 _arus
102 _aRU
105 _aa z |||||
200 1 _aНадежность гнутоклееных стульев
_eОбзор
_fВсесоюз. науч.-исслед. и проектный ин-т экономики, организации управления производством и информации по лесной, целлюлозно-бум. и деревообрабатывающей пром-сти
210 _aМосква
_cБ. и.
_d1972
215 _a25 с.
_cчерт.
_d21
225 1 _a[Мебель]
300 _aПеред загл. авт.: канд. техн. наук П.В. Костриков, канд. техн. наук Р.А. Богатырев, М.П. Юкина
300 _aНа обл. авт. не указаны
320 _aСписок лит.: с. 24 (9 назв.)
606 _aСтулья гнутоклееные
_xНадежность
_2psbo
700 1 _aКостриков
_bП.В.
_gПетр Васильевич
701 1 _aБогатырев
_bР.А.
701 1 _aЮкина
_bМ.П.
801 0 _aRU
_bNLR
_gpsbo
801 1 _aRU
_bELAR
_2rusmarc
852 _aNLR
_j72-6/9910
942 _cBOOK
980 _aNB